Представление документа в формате MARC21

Поле Инд. ПП Название Значение
Тип записи a
Библиографический уровень m
001 Контрольный номер 6ee426b2-16a9-4060-9493-ac5ec7cad8fe
005 Дата корректировки 20140703172750.8
008 Кодируемые данные 090204
020 c Цена, тираж б/ц
040 a Служба первич. каталог. НБ ТвГУ
041 a Код языка текста rus
080 a Индекс УДК 821.161.1.09(043.3)
a Индекс УДК 070(043.3)
084 a Индекс другой классификации/Индекс ББК Ш5(2=411.2)6-30я031
a Индекс другой классификации/Индекс ББК Ш5(2=411.2)6-319я031
a Индекс другой классификации/Индекс ББК Ч60я031
090 x Авторский знак Б57
a Полочн. индекс Ш5(2=411.2)
100 1_ a Автор Бешукова Фатима Батурбиевна
245 10 a Заглавие Медиадискурс постмодернистского литературного пространства
b Продолж. заглавия автореф. дис. ... д-ра филол. наук : 10.01.10 ; 10.01.01
c Ответственность Адыг. гос. ун-т, Каф. лит. и журналистики
260 0_ a Место издания Краснодар
b Издательство Адыг. гос. ун-т
c Дата издания 2009
300 a Объем 50 с.
500 a Примечание На правах рукоп.
504 a Библиография Библиогр. в конце кн. и в подстроч. примеч.
583 a Действие Получение впервые 11 04.02.2009
650 a Основная рубрика Русская литература
x Основная подрубрика История
y Хронологическая подрубрика 20 в.
650 a Основная рубрика Литература и общество информационное
650 a Основная рубрика Литература и журналистика
650 a Основная рубрика Журналистика
650 a Основная рубрика Средства массовой информации
653 a Ключевые слова Русская литература
a Ключевые слова Литература и общество
a Ключевые слова Информационное общество
a Ключевые слова Журналистика
a Ключевые слова Литература и журналистика
a Ключевые слова Масс-медиа
a Ключевые слова Медиадискурс
a Ключевые слова Авторефераты
852 t Порядковый номер экземпляра 1
p Инвентарный номер б/н
888 a Бесплатные
930 a Новая/Ретро авторефераты
952 p 11.2009 б/ц 1 б/н
c Вид литературы А/Р н
954 a Дата поступления на обработку 20090212
999 a Подразделение 2 ч.з.